000
00265nam a22001097a 4500
008
240605b |||||||| |||| 00| 0 eng d
100
_a
Kamal, Sartaj
_9
15206
245
_a
Aman jom Laharon
260
_a
Bombay:
_b
Sindhu Sahitya;
_c
1968
300
_a
48p.
942
_c
BK
999
_c
39451
_d
39451